000 01467cam a2200349 i 4500
001 25821
003 Mx-PuUPA
005 20250825112531.0
008 140415s2015 mx ad gr 000 0 spa d
020 _a9786070270079
_qrústica
020 _a9786070269875
_qcolección rústica
040 _aMx-PuUPA
_bspa
_cMx-PuUPA
_dMx-PuUPA
_erda
041 0 _aspa
043 _an-mx---
100 1 _aBarreda Solórzano, Luis de la,
_d1950-
_917340
_eautor
245 1 3 _aLa sociedad mexicana y los derechos humanos :
_bencuesta nacional de derechos humanos, discriminación y grupos vulnerables /
_cLuis de la Barreda Solórzano
250 _aPrimera edición /
_bagosto
264 1 _aMéxico, D.F. :
_bUniversidad Nacional Autónoma de México : Instituto de Investigaciones Jurídicas,
_c2015
300 _a294 páginas :
_bilustraciones, gráficas ;
_c23 cm
336 _2rdacontent
_atexto
_btxt
337 _2rdamedia
_asin medio
_bn
338 _2rdacarrier
_avolumen
_bnc
490 0 _aLos mexicanos vistos por sí mismos. Los grandes temas nacionales ;
_v20
650 7 _2armarc
_aDerechos humanos
_zMéxico
_ySiglo XXI
_xOpinión pública
650 7 _2armarc
_aDiscriminación
_zMéxico
_ySiglo XXI
651 4 _aMéxico
_xCondiciones sociales
_ySiglo XXI
942 _2ddc
_cLI
_h323.0972
_iB22
999 _c25821
_d25821